Policultivos : cultivos asociativos exitosos en tres municipios de Boyacá /

Detalles Bibliográficos
Autores principales: Bautista González, Harold Ignacio (Autor), Castellanos González, Leónides (Autor), Montañez Acevedo, Gladys (Autor)
Formato: Electrónico eBook
Lenguaje:español
Publicado: [Pamplona, Colombia] : Sello Editorial Unipamplona, [2024]
Edición:Primera edición.
Colección:Colección Ciencias pecuarias y agronomía (Universidad de Pamplona)
Materias:
Acceso en línea:Digitalia Hispánica

MARC

LEADER 00000nam a2200000 i 4500
001 DIGUPAMP0084
003 NyNyDIG
007 cr |||||||||||
008 250908s2024 ck ao ob 000 0 spa d
006 m o d
035 |a (OCoLC)1536546042 
040 |a DGITA  |b eng  |e rda  |e pn  |c DGITA 
020 |a 9786287656529  |q (digital) 
024 7 |a 10.24054/seu.101  |2 doi 
043 |a s-ck--- 
050 1 4 |a S494.5.A43 ebook 
100 1 |a Bautista González, Harold Ignacio,  |e author. 
245 1 0 |a Policultivos :  |b cultivos asociativos exitosos en tres municipios de Boyacá /  |c autores, Harold Ignacio Bautista González, Leónides Castellanos González, Gladys Montañez Acevedo. 
250 |a Primera edición. 
264 1 |a [Pamplona, Colombia] :  |b Sello Editorial Unipamplona,  |c [2024] 
300 |a 1 online resource :  |b color illustrations, color photographs. 
336 |a text  |b txt  |2 rdacontent 
337 |a computer  |b c  |2 rdamedia 
338 |a online resource  |b cr  |2 rdacarrier 
347 |a text file  |2 rdaft 
347 |b PDF 
490 1 |a Colección Ciencias pecuarias y agronomía 
504 |a Includes bibliographical references. 
588 0 |a Online resource; title from PDF title page (Digitalia, viewed September 8, 2025) 
650 0 |a Agrobiodiversity  |z Colombia  |z Boyacá (Department) 
650 0 |a Agriculture  |z Colombia  |z Boyacá (Department) 
700 1 |a Castellanos González, Leónides,  |e author. 
700 1 |a Montañez Acevedo, Gladys,  |e author. 
791 2 |a Digitalia (Firm),  |e distributor. 
793 0 |g Digitalia eBook Collection:  |a Universidad de Pamplona 
830 0 |a Colección Ciencias pecuarias y agronomía (Universidad de Pamplona) 
856 4 0 |3 Digitalia Hispánica  |u https://www.digitaliapublishing.com/a/175732/ 
910 |a Premium collection: 2025